000 00307nam a22001457a 4500
008 210308b ||||| |||| 00| 0 eng d
020 _a9781337451192
041 _aeng
080 _216th
_a37
082 _a37
100 _a46
101 _aEDU
245 _aCollege Success
_cEllis, D
942 _2udc
_cBK
999 _c55926
_d55926